000 00623nam a2200181Ia 4500
008 100921s9999 xx 000 0 und d
082 _b35298
_a891.463 न 02
100 _aदेवधर ज्योत्स्ना.
245 _aकुँवरनी.
260 _bमंगल दीप प्रकाशन, पुणे.
_c2002
300 _a166
_bजयेश एजन्सी,पुणे.
365 _b135
520 _aललित-कादंबरी.
630 _aकुँवरनी.
650 _aललित-कादंबरी.
730 _aकुँवरनी.
942 _cBOOK
999 _c784411
_d784408